|
|
|
|
| LEADER |
00000nab a2200000 a 4500 |
| 001 |
vtls000927773 |
| 003 |
SK-MaSNL |
| 005 |
20260304203950.0 |
| 008 |
040720e20010727xo 0 slo |
| 035 |
|
|
|a KE36650
|
| 040 |
|
|
|a KEVKJB
|b slo
|c KEVKJB
|e AACR2
|
| 041 |
0 |
|
|a slo
|
| 044 |
|
|
|a xo
|c SK
|
| 080 |
|
|
|a 628.4
|2 1981
|
| 100 |
1 |
|
|a Janáč, Milo,
|d 1975-
|4 aut
|9 193756
|
| 245 |
1 |
0 |
|a Aktivisti proti úradníkom
|b Spor o skládku vo Vyšnom Čaji pokračuje
|
| 650 |
0 |
7 |
|a skládky komunálneho odpadu
|2 KEVKJB
|9 1020000
|
| 650 |
0 |
7 |
|a projekty
|2 KEVKJB
|9 18866
|
| 650 |
0 |
7 |
|a spory
|2 KEVKJB
|9 16285
|
| 650 |
0 |
7 |
|a informácie
|2 KEVKJB
|9 1285
|
| 651 |
|
7 |
|a Vyšný Čaj (Slovensko)
|2 KEVKJB
|9 70354
|
| 651 |
|
7 |
|a KE,
|2 KEVKJB
|9 877256
|
| 655 |
|
7 |
|a periodikum
|2 snkbucl
|9 29553
|
| 773 |
0 |
8 |
|t Pravda
|g Roč. 11, č.172, 27.7.2001, s. 18
|
| 852 |
|
|
|a ZVYKNI
|b KIS3GCP
|
| 999 |
|
|
|c 3113541
|d 3115471
|